Taylor Swift mystery lyrics #33 - Statistics

General Stats
  • This quiz has been taken 101 times
    92 since last reset
  • The average score is 153 of 233
Answer Stats
Answer % Correct
a
99%
I
99%
the
97%
The
97%
you
97%
You
97%
me
94%
it
91%
your
90%
Your
90%
No
88%
be
87%
to
87%
you're
87%
and
86%
And
86%
in
86%
it's
86%
It's
86%
my
84%
when
84%
is
83%
Is
83%
on
83%
for
81%
But
80%
but
80%
could
78%
If
78%
if
78%
I'm
78%
that
78%
never
77%
would
74%
Would
74%
like
72%
of
72%
as
71%
I'll
70%
just
68%
see
68%
All
67%
this
67%
give
65%
Give
65%
I'd
65%
know
65%
with
64%
got
62%
'Cause
61%
peace
61%
friend
58%
now
58%
always
52%
enough
52%
had
52%
heart
52%
has
51%
love's
51%
these
48%
think
48%
die
46%
come
45%
only
45%
people
45%
gone
43%
Our
43%
secret
43%
there's
43%
details
41%
talk
41%
two
41%
best
39%
child
39%
devil's
39%
gonna
38%
keep
38%
other
38%
show
38%
lives
36%
long
36%
each
35%
fire
35%
honor
35%
standing
35%
wasting
35%
wild
35%
age
33%
around
33%
comes
33%
coming
33%
friends
33%
small
33%
Family
32%
makes
32%
near
32%
seem
32%
shit
32%
warm
32%
brother
30%
corner
30%
darling
30%
summer
30%
clear
29%
danger
29%
east
29%
integrity
29%
rain
29%
trenches
29%
west
29%
brittle
28%
courage
28%
fences
28%
paint
28%
sunshine
28%
understand
28%
wall
28%
blues
26%
clowns
26%
convictions
26%
ocean
26%
Suddenly
26%
chose
25%
silence
25%
Sit
25%
wave
25%
dreamscapes
23%
robbers
23%
swing
22%
cascade
19%
No matching quizzes found
Score Distribution
Percent of People with Each Score
Percentile by Number Answered
Your Score History
You have not taken this quiz since the last reset